La Educación como práctica de la libertad

Guardado en:
書目詳細資料
主要作者: Freire, Paulo
格式: Texto
出版: México, D.F.: Offset Cemont
標簽: 添加標簽
沒有標簽, 成為第一個標記此記錄!

MARC

LEADER 00000 a a2200000 04500
001 22189
003
040
090 |a 150400  
100 |a Freire, Paulo  
245 |a La Educación como práctica de la libertad  
260 |a México, D.F.:   |b Offset Cemont  
300 |a 151 p  
999 |c 11340  |d 11340